Mikrovlnná a kvantová elektronika

Saved in:
Bibliographic Details
Main Author: Hábovčík, Peter (Author)
Format: Book
Language:Slovak
Published: Bratislava : SVŠT v Bratislave, 1970
Edition:1.vyd.
Tags: Add Tag
No Tags, Be the first to tag this record!

MARC

LEADER 00000nam a22000003a 4500
001 stu204703
005 20220404190539.9
008 100601s1986----cs------------------slo-d
040 |a STU  |b slo 
041 0 |a slo 
044 |a cs 
100 1 |a Hábovčík, Peter  |4 aut  |u E210  |U FEI Fakulta elektrotechniky a informatiky  |T FEI Katedra mikroelektroniky  |U E210  |Y 68 
245 1 |a Mikrovlnná a kvantová elektronika 
250 |a 1.vyd. 
260 |a Bratislava :  |b SVŠT v Bratislave,  |c 1970 
996 |b E23894  |c E*23894  |l EE11  |s P  |a 0  |w stu204703_0001 
996 |b E23896  |c E*23896  |l EE11  |s P  |a 0  |w stu204703_0002